Speaking korean

I tiakina i:
Ngā taipitopito rārangi puna kōrero
Kaituhi matua: Park, Francis Y. T. (Author)
Hōputu: Pukapuka
Reo:Kōreana
I whakaputaina: Nueva York Hollym International Corp 1984
Ngā marau:
Ngā Tūtohu: Tāpirihia he Tūtohu
Kāore He Tūtohu, Me noho koe te mea tuatahi ki te tūtohu i tēnei pūkete!

MARC

LEADER 00000nam a2200000 a 4500
001 UCX3700
003 CL-VaPUC
008 911128e19840000US |||||||||||||||||kor|d
082 0 4 |a 495.75  |b PAR  |2 21 
100 |a Park, Francis Y. T.  |e author  |9 319883 
245 1 0 |a Speaking korean 
300 |a 2 v 
942 |c BK 
945 |d 19911128 00:00:00 
260 |a Nueva York  |b Hollym International Corp  |c 1984 
650 7 |a COREANO GRAMATICA  |2 CL-VaPUC  |9 319884 
583 |a last modification  |c 19911128 00:00:00  |k Rodrigo Vera 
999 |c 224382  |d 224380 
952 |0 0  |1 0  |4 0  |6 495_750000000000000_PAR_1984  |7 0  |8 F  |9 220966  |a BIBGIM  |b BIBGIM  |d 2019-11-15  |i 2897288  |o 495.75 PAR 1984  |p 2897288  |r 2025-01-15  |w 2019-11-15  |y BK_F  |k ORI 
952 |0 0  |1 0  |4 0  |6 495_750000000000000_PAR_1984  |7 0  |8 F  |9 220967  |a BIBGIM  |b BIBGIM  |d 2019-11-15  |i 2897296  |o 495.75 PAR 1984  |p 2897296  |r 2025-01-15  |w 2019-11-15  |y BK_F  |k ORI